AN INVENTORY OF THE INTANGIBLE CULTURA HERITAGES OF SIXTEEN NATIONS AND NATIONLITIES IN SOUTH OMO ZONE OF SNNPR (Record no. 16970)

MARC details
000 -LEADER
fixed length control field 00450nam a22001577a 4500
003 - CONTROL NUMBER IDENTIFIER
control field OSt
005 - DATE AND TIME OF LATEST TRANSACTION
control field 20211105150839.0
008 - FIXED-LENGTH DATA ELEMENTS--GENERAL INFORMATION
fixed length control field 211105b |||||||| |||| 00| 0 eng d
040 ## - CATALOGING SOURCE
Transcribing agency HU
082 ## - DEWEY DECIMAL CLASSIFICATION NUMBER
Classification number 306.0216435
100 ## - MAIN ENTRY--PERSONAL NAME
Personal name INVENTORY
9 (RLIN) 5944
245 ## - TITLE STATEMENT
Title AN INVENTORY OF THE INTANGIBLE CULTURA HERITAGES OF SIXTEEN NATIONS AND NATIONLITIES IN SOUTH OMO ZONE OF SNNPR
260 ## - PUBLICATION, DISTRIBUTION, ETC.
Place of publication, distribution, etc. ADDIS ABAB
Name of publisher, distributor, etc. HALL
Date of publication, distribution, etc. 2008
300 ## - PHYSICAL DESCRIPTION
Extent 129P
942 ## - ADDED ENTRY ELEMENTS (KOHA)
Source of classification or shelving scheme Dewey Decimal Classification
Koha item type Books like text book referance book
Suppress in OPAC No
Holdings
Withdrawn status Lost status Source of classification or shelving scheme Damaged status Not for loan Home library Current library Shelving location Date acquired Total Checkouts Full call number Barcode Date last seen Copy number Price effective from Koha item type
    Dewey Decimal Classification     Social Library Social Library General Stacks 11/05/2021   306.021635 SHLIB000002370 11/05/2021 3 11/05/2021 Books like text book referance book